Computer system architecture/M.Morris Mano.

Main Author: Mano, M. Morris
Published: Englewood Cliffs, New Jersey: Prentice-Hall, c1993.
Edition:3rd ed..
Subjects:
LEADER 00633cam a2200217 7i4500
001 0000007256
005 20150325090000.0
003 iicp-my
005 20021204214900.0
008 000000 00
020 |a 0131757385  
039 9 |y 200212042149  |z VLOAD 
090 0 0 |a 621.3819   |b MAN 
100 |a Mano, M. Morris  
245 0 0 |a Computer system architecture/M.Morris Mano. 
250 |a 3rd ed.. 
260 |a Englewood Cliffs, New Jersey:   |b Prentice-Hall,   |c c1993. 
300 |a xviii, 525 p.:   |b ill;   |c 24 cm.. 
500 |a Includes index 
650 0 |a Computer architecture.  
999 |a 1000012299  |b Book  |c White Spot